| 000 | 00824nas a2200253 4500 | ||
|---|---|---|---|
| 001 | BR0801107 | ||
| 003 | BR-BrBNA | ||
| 005 | 20231205111636.0 | ||
| 007 | ta | ||
| 008 | 230509b bl.|||p| |||| 00| 00por d | ||
| 040 |
_aBR-BrBNA _bpor _cBiblioteca Nacional de Agricultura |
||
| 041 | _a(Pt) | ||
| 072 | _aL02 | ||
| 100 | 1 | _aMikich, S.B. | |
| 245 | 1 | _aA dieta dos morcegos frugívoros (Mammalia, Chiroptera, Phylostonidade)de um pequeno remanescente de Floresta Estacional Semidecidual do Sul do Brasil | |
| 650 | _aMORCEGO | ||
| 650 | _aNUTRIÇÃO ANIMAL | ||
| 650 | _aHABITAT | ||
| 650 | _aFLORESTA | ||
| 650 | _aREGIÃO SUL | ||
| 773 | 0 |
_tRevista Brasileira de Zoologia (Brazil) _xISSN 0101-8175 _g(Mar 2002), v. 19(1) p. 239-249 _wBR0801107 |
|
| 909 |
_a202311 _bLúcia _c55 _dLúcia Elande |
||
| 942 |
_2AGRIS _n0 _cANA |
||
| 999 |
_c193702 _d193702 |
||